Historia del pensamiento político Catalán.
保存先:
| 第一著者: | |
|---|---|
| その他の著者: | |
| フォーマット: | 図書 |
| 出版事項: |
Sevilla: España:
Ediciones Montejurra,
1963-1965.
|
| 主題: | |
| タグ: |
タグ追加
タグなし, このレコードへの初めてのタグを付けませんか!
|
MARC
| LEADER | 00000nam a22000007a 4500 | ||
|---|---|---|---|
| 003 | CL-VaPUC | ||
| 005 | 20220822114541.0 | ||
| 008 | 220704i19631965 ||||| |||| 00| 0 eng d | ||
| 999 | |c 436652 |d 436650 | ||
| 040 | |c Pontificia Universidad Católica de Valparaíso | ||
| 082 | |a 320.509467 ELI 1965 (t.III) |a 320.509467 ELI 1963 (t.I-II) | ||
| 100 | 1 | |a Elias de Tejada, Francisco |e autor |9 872141 | |
| 245 | |a Historia del pensamiento político Catalán. | ||
| 260 | |a Sevilla: España: |b Ediciones Montejurra, |c 1963-1965. | ||
| 300 | |a 290 páginas. | ||
| 500 | |a c.1 Donación Familia Prof. Alejandro Guzmán Brito. | ||
| 505 | |a Tomo I. La Cataluña clásica (987-1479). Tomo II Mallorca y Menorca clásicas, 1231-1479. Tomo III La Valencia clásica, 1238-1479. | ||
| 583 | |c 20220704 |k Catalogador Asistente | ||
| 650 | |a Ciencia política |z España |z Cataluña |x Historia |9 872531 | ||
| 700 | |a Percopo, Gabriella |e autora |9 872142 | ||
| 942 | |2 ddc |c BK |n 0 | ||
| 952 | |0 0 |1 0 |2 ddc |4 0 |6 320_509467000000000_ELI_1965 |7 0 |8 C_AGB |9 584330 |a BIBDER |b BIBDER |d 2022-07-04 |e Donación |h t.III |i 5652470 |o 320.509467 ELI 1965 |p 5652470 |r 2023-01-25 |t 1 |w 2022-07-04 |y BK_US |k AGB | ||
| 952 | |0 0 |1 0 |2 ddc |4 0 |6 320_509467000000000_ELI_1963 |7 0 |8 C_AGB |9 584331 |a BIBDER |b BIBDER |d 2022-07-04 |e Donación |h t.II |i 5652471 |o 320.509467 ELI 1963 |p 5652471 |r 2023-01-25 |t 1 |w 2022-07-04 |y BK_US |k AGB | ||
| 952 | |0 0 |1 0 |2 ddc |4 0 |6 320_509467000000000_ELI_1963 |7 0 |8 C_AGB |9 584584 |a BIBDER |b BIBDER |d 2022-07-08 |e Donación |h t.I |i 5652711 |o 320.509467 ELI 1963 |p 5652711 |r 2023-01-25 |t 1 |w 2022-07-08 |y BK_US |k AGB | ||